Normal view
MARC view
Entry Personal Name
001 - CONTROL NUMBER
- control field: 37947
003 - CONTROL NUMBER IDENTIFIER
- control field: ARRUPE
005 - DATE AND TIME OF LATEST TRANSACTION
- control field: 20171205092047.0
008 - FIXED-LENGTH DATA ELEMENTS
- fixed length control field: 171205|| aca||aabn | a|a d
040 ## - CATALOGING SOURCE
- Original cataloging agency: ARRUPE
- Transcribing agency: ARRUPE
100 ## - HEADING--PERSONAL NAME
- Personal name: Weyers, Jonathan D. B.
670 ## - SOURCE DATA FOUND
- Source citation: Work cat.: (ARRUPE)0: McMillan, Kathleen. 37940, How to write essays & assignments /, 2011.